[Event "NB II. Erkel csoport"]
[Site "Dunaharaszti"]
[Date "2024.02.18"]
[Round "4.9"]
[White "Horvath, Antal Jr"]
[Black "Bokor-Manyoki, Anna"]
[Result "1-0"]
[WhiteElo "2042"]
[BlackElo "1947"]
[PlyCount "67"]
[EventDate "2023.10.08"]
[EventType "team-tourn"]
[EventRounds "9"]
[EventCountry "HUN"]
[Source "chess.hu"]
[WhiteTeam "HUSI SC"]
[BlackTeam "Dunaharaszti MTK II."]
[WhiteTeamCountry "HUN"]
[BlackTeamCountry "HUN"]

1. e4 e5 2. Nf3 Nc6 3. Bc4 Bc5 4. c3 Nf6 5. d4 exd4 6. cxd4 Bb4+ 7. Nc3 Nxe4 8.
O-O Bxc3 9. d5 Bf6 10. Re1 Ne7 11. Rxe4 d6 12. Bg5 Bxg5 13. Nxg5 h6 14. Qe2
hxg5 15. Re1 Be6 16. dxe6 f6 17. Re3 c6 18. Rh3 Rxh3 19. gxh3 g6 20. Bd3 Qa5
21. b4 Qc7 22. Qb2 O-O-O 23. Qxf6 Nd5 24. Qxg5 Qe7 25. Qxg6 Rf8 26. Bf5 Kd8 27.
Bg4 Qf6 28. Qxf6+ Rxf6 29. b5 Ne7 30. bxc6 bxc6 31. Re3 d5 32. Ra3 Nc8 33. Ra6
Kc7 34. Rxa7+ 1-0

[Event "NB II. Erkel csoport"]
[Site "Dunaharaszti"]
[Date "2024.02.18"]
[Round "4.10"]
[White "Neszmenyi, Zoltan"]
[Black "Suranyi, Pal"]
[Result "1-0"]
[WhiteElo "1837"]
[BlackElo "2001"]
[PlyCount "155"]
[EventDate "2023.10.08"]
[EventType "team-tourn"]
[EventRounds "9"]
[EventCountry "HUN"]
[Source "chess.hu"]
[WhiteTeam "Dunaharaszti MTK II."]
[BlackTeam "HUSI SC"]
[WhiteTeamCountry "HUN"]
[BlackTeamCountry "HUN"]

1. Nf3 c5 2. c4 g6 3. Nc3 Bg7 4. g3 Nc6 5. Bg2 a6 6. O-O e6 7. e3 Nge7 8. d4
cxd4 9. exd4 d5 10. cxd5 exd5 11. Re1 O-O 12. Ne5 Be6 13. Bg5 Qd6 14. Bxe7 Nxe7
15. a3 Rac8 16. Rc1 Rc7 17. Na4 Rfc8 18. Rxc7 Rxc7 19. Nc5 Bc8 20. b4 b6 21.
Ncd3 f6 22. Nf3 Bf5 23. Nh4 Bd7 24. Qd2 g5 25. Nf3 Bf5 26. Rc1 Rxc1+ 27. Nxc1
Qc6 28. Na2 Qc4 29. Ne1 Be6 30. Bf1 Qc8 31. Qe2 Nf5 32. Qxa6 Qxa6 33. Bxa6 Nxd4
34. a4 Nb3 35. Nd3 d4 36. Nac1 Nd2 37. a5 bxa5 38. bxa5 Bd5 39. h3 Bf8 40. Bb5
Bd6 41. Ne2 Nf3+ 42. Kf1 Kf8 43. a6 Ke7 44. Ne1 Nd2+ 45. Kg1 Bc5 46. Nd3 Nf3+
47. Kf1 Kd6 48. Nxc5 Kxc5 49. Bd3 h5 50. Ng1 Ne5 51. Ke2 g4 52. hxg4 hxg4 53.
a7 Kb6 54. Kd2 Kxa7 55. Ne2 Nf3+ 56. Kc2 Kb6 57. Bf5 Bc4 58. Nf4 Ne5 59. Nh5
Be2 60. Nxf6 Kb5 61. Kd2 Bf3 62. Nd7 Nc6 63. Kd3 Bd1 64. Be4 Nb4+ 65. Kxd4 Be2
66. Ke3 Bd1 67. Kf4 Kc4 68. Ne5+ Kd4 69. Nc6+ Nxc6 70. Bxc6 Kc5 71. Bd7 Kd6 72.
Bxg4 Bc2 73. Bf5 Bd1 74. Kg5 Ke7 75. Kg6 Kf8 76. g4 Kg8 77. f4 Bb3 78. Kf6 1-0

[Event "NB II. Erkel csoport"]
[Site "Dunaharaszti"]
[Date "2024.02.18"]
[Round "4.11"]
[White "Tegzes, Laszlo"]
[Black "Frank, Jozsef"]
[Result "1-0"]
[WhiteElo "1990"]
[BlackElo "1794"]
[PlyCount "101"]
[EventDate "2023.10.08"]
[EventType "team-tourn"]
[EventRounds "9"]
[EventCountry "HUN"]
[Source "chess.hu"]
[WhiteTeam "HUSI SC"]
[BlackTeam "Dunaharaszti MTK II."]
[WhiteTeamCountry "HUN"]
[BlackTeamCountry "HUN"]

1. e4 b6 2. d4 Bb7 3. Nc3 g6 4. Nf3 Bg7 5. Bc4 Nf6 6. e5 Ng8 7. O-O Nh6 8. Bf4
O-O 9. d5 Kh8 10. Qd2 Ng8 11. Rad1 d6 12. Rfe1 Nd7 13. e6 fxe6 14. Ng5 e5 15.
Ne6 Rxf4 16. Nxd8 Rxd8 17. Re4 Rxe4 18. Nxe4 Ndf6 19. Ng5 Bh6 20. Nf7+ Kg7 21.
Nxh6 Nxh6 22. f3 c6 23. dxc6 Bxc6 24. Qe2 Nf5 25. c3 h5 26. Bd3 e6 27. Be4 Bxe4
28. fxe4 Ne7 29. Qc4 d5 30. Qc7 Rd7 31. Qxe5 Kf7 32. Rf1 Neg8 33. exd5 Rxd5 34.
Qc7+ Ne7 35. Qxa7 b5 36. Qb6 Nf5 37. b3 g5 38. c4 bxc4 39. bxc4 Rd6 40. Qc7+
Rd7 41. Qc8 Rd2 42. Qc7+ Rd7 43. Qe5 Ra7 44. Re1 Re7 45. c5 Nd7 46. Qc3 Nf6 47.
c6 Nd5 48. Qe5 g4 49. Rb1 h4 50. Rb7 g3 51. c7 1-0

[Event "NB II. Erkel csoport"]
[Site "Dunaharaszti"]
[Date "2024.02.18"]
[Round "4.12"]
[White "Koronczai, Csongor"]
[Black "Laszlo, Laura Dr"]
[Result "1/2-1/2"]
[WhiteElo "1455"]
[BlackElo "1796"]
[PlyCount "88"]
[EventDate "2023.10.08"]
[EventType "team-tourn"]
[EventRounds "9"]
[EventCountry "HUN"]
[Source "chess.hu"]
[WhiteTeam "Dunaharaszti MTK II."]
[BlackTeam "HUSI SC"]
[WhiteTeamCountry "HUN"]
[BlackTeamCountry "HUN"]

1. e4 c5 2. Nf3 Nc6 3. Be2 Nf6 4. Nc3 d5 5. exd5 Nxd5 6. Nxd5 Qxd5 7. O-O g6 8.
c4 Qd6 9. d3 Bg7 10. Rb1 O-O 11. Be3 e5 12. Nd2 f5 13. Nb3 b6 14. f4 Be6 15.
Bf3 Rad8 16. Bxc6 Qxc6 17. Qc2 Rd7 18. Rbd1 Rfd8 19. fxe5 Bxe5 20. Bg5 Re8 21.
Rfe1 Qc7 22. g3 f4 23. gxf4 Bxf4 24. Bxf4 Qxf4 25. Qf2 Qg5+ 26. Qg2 Qd8 27. Qc2
Bf5 28. Rxe8+ Qxe8 29. Nc1 Rd4 30. Qf2 Bh3 31. Ne2 Rg4+ 32. Ng3 h5 33. Re1 Qc6
34. Re4 h4 35. Rxg4 Bxg4 36. Ne4 Bh5 37. Nf6+ Kg7 38. Nxh5+ gxh5 39. Qxh4 Kh6
40. Qf4+ Kg6 41. Kf2 Qd7 42. Qe4+ Kh6 43. Qf4+ Kg6 44. Qe4+ Kh6 1/2-1/2

[Event "NB II. Erkel csoport"]
[Site "Budapest"]
[Date "2024.02.18"]
[Round "4.1"]
[White "Csati, Oliver"]
[Black "Szamoskozi, Gabor"]
[Result "1-0"]
[WhiteElo "2229"]
[BlackElo "2237"]
[PlyCount "73"]
[EventDate "2023.10.08"]
[EventType "team-tourn"]
[EventRounds "9"]
[EventCountry "HUN"]
[Source "chess.hu"]
[WhiteTeam "HASE"]
[BlackTeam "Vizugyi SC"]
[WhiteTeamCountry "HUN"]
[BlackTeamCountry "HUN"]

1. e4 c6 2. d4 d5 3. f3 Qb6 4. Nc3 e5 5. dxe5 Bc5 6. Na4 Qa5+ 7. c3 Bxg1 8.
Rxg1 dxe4 9. Qd4 Be6 10. Nc5 Nd7 11. Nxb7 Qxe5 12. Nd6+ Ke7 13. Qxe5 Nxe5 14.
Nxe4 Nf6 15. Nxf6 gxf6 16. b3 Rhd8 17. Ba6 Bc8 18. Bxc8 Raxc8 19. Ke2 Ke6 20.
Be3 a6 21. Rad1 Rd5 22. c4 Rxd1 23. Rxd1 Rg8 24. Kf2 h5 25. h3 Ra8 26. Bc5 Kf5
27. g4+ hxg4 28. hxg4+ Kg6 29. Kg3 f5 30. Rd6+ f6 31. g5 f4+ 32. Kxf4 Rf8 33.
Bd4 Nd3+ 34. Ke3 Nb4 35. Rxf6+ Rxf6 36. Bxf6 Nxa2 37. Kd2 1-0

[Event "NB II. Erkel csoport"]
[Site "Budapest"]
[Date "2024.02.18"]
[Round "4.2"]
[White "Mika, Janos"]
[Black "Szabo, Zsolt"]
[Result "1-0"]
[WhiteElo "2093"]
[BlackElo "2239"]
[PlyCount "61"]
[EventDate "2023.10.08"]
[EventType "team-tourn"]
[EventRounds "9"]
[EventCountry "HUN"]
[Source "chess.hu"]
[WhiteTeam "Vizugyi SC"]
[BlackTeam "HASE"]
[WhiteTeamCountry "HUN"]
[BlackTeamCountry "HUN"]

1. e4 d6 2. d4 g6 3. c4 e5 4. Nf3 Bg4 5. dxe5 Bxf3 6. gxf3 dxe5 7. Qxd8+ Kxd8
8. Nc3 Nc6 9. Be3 Nd4 10. O-O-O Kc8 11. Bxd4 exd4 12. Bh3+ f5 13. exf5 c5 14.
Nd5 gxf5 15. Bxf5+ Kd8 16. Be4 Rb8 17. Rhg1 Ne7 18. Nf6 Bh6+ 19. Kc2 Bf4 20. h4
h6 21. Rg7 Be5 22. Rf7 Bxf6 23. Rxf6 Kd7 24. Rg1 b6 25. Rg7 Rbf8 26. Bf5+ Kd8
27. Rd6+ Ke8 28. Re6 Rxf5 29. Rexe7+ Kf8 30. Rxa7 Rxf3 31. Rg2 1-0

[Event "NB II. Erkel csoport"]
[Site "Budapest"]
[Date "2024.02.18"]
[Round "4.3"]
[White "Nagy, Ervin Dr"]
[Black "Tomosvary, Attila"]
[Result "1/2-1/2"]
[WhiteElo "2171"]
[BlackElo "2136"]
[PlyCount "124"]
[EventDate "2023.10.08"]
[EventType "team-tourn"]
[EventRounds "9"]
[EventCountry "HUN"]
[Source "chess.hu"]
[WhiteTeam "HASE"]
[BlackTeam "Vizugyi SC"]
[WhiteTeamCountry "HUN"]
[BlackTeamCountry "HUN"]

1. g3 g6 2. Bg2 Bg7 3. c4 c5 4. Nc3 Nc6 5. Nf3 Nf6 6. O-O O-O 7. d4 cxd4 8.
Nxd4 Nxd4 9. Qxd4 d6 10. Qd2 Qc7 11. b3 Bd7 12. Bb2 Bc6 13. Nd5 Nxd5 14. Bxg7
Kxg7 15. cxd5 Bd7 16. Rfc1 Qb6 17. Qc3+ Kg8 18. Qc7 Rfd8 19. Qxb6 axb6 20. Rc7
Rab8 21. Be4 Kf8 22. Kf1 Ke8 23. Ke1 Rdc8 24. Rac1 Rxc7 25. Rxc7 Kd8 26. Rc2
Ra8 27. Kd2 Ra5 28. f4 Bf5 29. Ke3 Bxe4 30. Kxe4 Rc5 31. Rd2 f5+ 32. Kd4 Kd7
33. e4 fxe4 34. Kxe4 e6 35. dxe6+ Kxe6 36. g4 d5+ 37. Kd4 Rb5 38. Re2+ Kd6 39.
Re8 Rb4+ 40. Ke3 g5 41. Rf8 Re4+ 42. Kf3 gxf4 43. Rxf4 Re1 44. Kf2 Re7 45. Rf8
Kc5 46. Rd8 Kd4 47. h4 b5 48. g5 b4 49. Kf3 Rf7+ 50. Kg4 Ke4 51. Re8+ Kd3 52.
h5 d4 53. g6 hxg6 54. hxg6 Rf1 55. Rh8 Rg1+ 56. Kf5 Kc3 57. Rh4 d3 58. Rc4+ Kb2
59. Rd4 Kc2 60. Rc4+ Kb2 61. Rd4 Kc2 62. Rc4+ Kb2 1/2-1/2

[Event "NB II. Erkel csoport"]
[Site "Budapest"]
[Date "2024.02.18"]
[Round "4.4"]
[White "Budai, Akos"]
[Black "Koczka, Zsolt"]
[Result "1-0"]
[WhiteElo "2020"]
[BlackElo "2168"]
[PlyCount "59"]
[EventDate "2023.10.08"]
[EventType "team-tourn"]
[EventRounds "9"]
[EventCountry "HUN"]
[Source "chess.hu"]
[WhiteTeam "Vizugyi SC"]
[BlackTeam "HASE"]
[WhiteTeamCountry "HUN"]
[BlackTeamCountry "HUN"]

1. d4 d5 2. c4 e6 3. Nc3 Nf6 4. Bg5 Be7 5. e3 O-O 6. Nf3 h6 7. Bh4 c6 8. Rc1
Nbd7 9. Bd3 Re8 10. O-O dxc4 11. Bxc4 Nd5 12. Bg3 N7b6 13. Bb3 Bd6 14. Ne5 Qe7
15. Ne4 Bb8 16. Qe2 Nd7 17. f4 f5 18. Nd2 N7f6 19. e4 fxe4 20. Nxe4 Qb4 21. Rc4
Qb5 22. Bh4 Nd7 23. Qh5 Rf8 24. Qg6 N7b6 25. Rc3 Bxe5 26. dxe5 Bd7 27. Rg3 Rf7
28. Nd6 Qc5+ 29. Kh1 Raf8 30. Bc2 1-0

[Event "NB II. Erkel csoport"]
[Site "Budapest"]
[Date "2024.02.18"]
[Round "4.5"]
[White "Bea, Boglarka"]
[Black "Kulcsar, Tamas"]
[Result "1/2-1/2"]
[WhiteElo "2071"]
[BlackElo "1973"]
[PlyCount "117"]
[EventDate "2023.10.08"]
[EventType "team-tourn"]
[EventRounds "9"]
[EventCountry "HUN"]
[Source "chess.hu"]
[WhiteTeam "HASE"]
[BlackTeam "Vizugyi SC"]
[WhiteTeamCountry "HUN"]
[BlackTeamCountry "HUN"]

1. e4 e5 2. Nf3 Nc6 3. Bb5 a6 4. Ba4 Nf6 5. O-O Be7 6. Re1 b5 7. Bb3 d6 8. h3
O-O 9. c3 Nb8 10. d4 Nbd7 11. a4 Bb7 12. Bc2 Re8 13. Nbd2 c5 14. Nf1 Bf8 15. d5
c4 16. Be3 Qc7 17. N3h2 h5 18. g4 g6 19. Qf3 Bg7 20. Kg2 Rf8 21. Ng3 h4 22. Ne2
Nh7 23. g5 f6 24. Qg4 fxg5 25. Bxg5 Nxg5 26. Qxg5 Qd8 27. Qxg6 Rf6 28. Qh5 Rh6
29. Qf3 Nf6 30. Rg1 Qd7 31. Kh1 Rf8 32. Qe3 Kh7 33. Ng4 Rg6 34. f4 Nxg4 35.
hxg4 Rxg4 36. f5 Bh6 37. Qh3 Rxg1+ 38. Rxg1 Qe7 39. Rg6 Rg8 40. f6 Qf7 41. Rxg8
Kxg8 42. Qxh4 Qg6 43. Ng3 Bc8 44. axb5 axb5 45. f7+ Kxf7 46. Bd1 Qg5 47. Bh5+
Ke7 48. Qxg5+ Bxg5 49. Ne2 Bh3 50. Kh2 Bf1 51. Kg3 Bxe2 52. Bxe2 Bc1 53. b3
cxb3 54. Bxb5 Bd2 55. Bc4 b2 56. Bd3 Bxc3 57. Kf2 Kf6 58. Kf3 Kg5 59. Bb1
1/2-1/2

[Event "NB II. Erkel csoport"]
[Site "Budapest"]
[Date "2024.02.18"]
[Round "4.6"]
[White "Balint, Laszlo Dr"]
[Black "Murin, Janos"]
[Result "1/2-1/2"]
[WhiteElo "1783"]
[BlackElo "2064"]
[PlyCount "101"]
[EventDate "2023.10.08"]
[EventType "team-tourn"]
[EventRounds "9"]
[EventCountry "HUN"]
[Source "chess.hu"]
[WhiteTeam "Vizugyi SC"]
[BlackTeam "HASE"]
[WhiteTeamCountry "HUN"]
[BlackTeamCountry "HUN"]

1. d4 Nf6 2. c4 g6 3. Nc3 Bg7 4. e4 d6 5. Be2 O-O 6. Nf3 c6 7. O-O Qc7 8. Be3
Nbd7 9. Nd2 e5 10. d5 a5 11. Rc1 Re8 12. b3 Nc5 13. Qc2 Na6 14. a3 Ng4 15. Bxg4
Bxg4 16. f3 Bd7 17. Qb2 c5 18. Nb5 Qb8 19. Nb1 Rf8 20. Qd2 b6 21. N1c3 Be8 22.
Bh6 Qd8 23. Bxg7 Kxg7 24. f4 f6 25. fxe5 dxe5 26. Rce1 Rb8 27. Rf3 Rb7 28. Rh3
Kg8 29. d6 Bf7 30. Nd5 Be6 31. Rd3 Bxd5 32. Rxd5 Rd7 33. Nc7 Qc8 34. Nb5 Nb8
35. g4 g5 36. Rd3 Nc6 37. Nc3 Nd4 38. Nd5 Rff7 39. Rxd4 cxd4 40. Nxb6 Qc6 41.
Nxd7 Qxd7 42. c5 Qxg4+ 43. Qg2 Qc8 44. b4 axb4 45. axb4 Rb7 46. Rb1 d3 47. h3
Rxb4 48. Rxb4 Qxc5+ 49. Qf2 Qxb4 50. Qxf6 Qe1+ 51. Kh2 1/2-1/2

[Event "NB II. Erkel csoport"]
[Site "Budapest"]
[Date "2024.02.18"]
[Round "4.7"]
[White "Hangay, Oliver"]
[Black "D Albini, Geza"]
[Result "1/2-1/2"]
[WhiteElo "1941"]
[BlackElo "1720"]
[PlyCount "88"]
[EventDate "2023.10.08"]
[EventType "team-tourn"]
[EventRounds "9"]
[EventCountry "HUN"]
[Source "chess.hu"]
[WhiteTeam "HASE"]
[BlackTeam "Vizugyi SC"]
[WhiteTeamCountry "HUN"]
[BlackTeamCountry "HUN"]

1. e4 d6 2. d4 Nf6 3. Nc3 e5 4. dxe5 dxe5 5. Qxd8+ Kxd8 6. Bc4 Bb4 7. Bg5 Bxc3+
8. bxc3 Ke7 9. f3 Be6 10. Bb3 Nbd7 11. O-O-O Nc5 12. Be3 Nxb3+ 13. cxb3 b6 14.
Ne2 Rad8 15. Kc2 Rxd1 16. Rxd1 Rd8 17. Rxd8 Kxd8 18. Nc1 Nd7 19. Nd3 f6 20. Nb4
Nb8 21. g3 c6 22. Nd3 Kc7 23. f4 Nd7 24. f5 Bf7 25. g4 h6 26. Nf2 Kd6 27. h4
Ke7 28. g5 hxg5 29. hxg5 Bh5 30. g6 Bf3 31. Kd3 Kf8 32. Nh3 Ke7 33. Ng1 Bg4 34.
Ne2 Bf3 35. c4 Bxe2+ 36. Kxe2 c5 37. Kd3 a5 38. Bd2 Nb8 39. Ke2 Nc6 40. Kd3 Ke8
41. Bc3 Kd7 42. Bd2 Ke7 43. Bc3 Kd7 44. Bd2 Ke7 1/2-1/2

[Event "NB II. Erkel csoport"]
[Site "Budapest"]
[Date "2024.02.18"]
[Round "4.8"]
[White "Russa, Roberto"]
[Black "Minga-Nagy, Abel Inti"]
[Result "1-0"]
[WhiteElo "1793"]
[BlackElo "1926"]
[PlyCount "85"]
[EventDate "2023.10.08"]
[EventType "team-tourn"]
[EventRounds "9"]
[EventCountry "HUN"]
[Source "chess.hu"]
[WhiteTeam "Vizugyi SC"]
[BlackTeam "HASE"]
[WhiteTeamCountry "HUN"]
[BlackTeamCountry "HUN"]

1. d3 e5 2. e4 Nf6 3. Nc3 Bc5 4. Nf3 Nc6 5. Bg5 d6 6. Na4 Bb6 7. h3 Ba5+ 8. c3
b5 9. d4 bxa4 10. Bb5 Bd7 11. Qxa4 Nxd4 12. Nxd4 exd4 13. Bxf6 gxf6 14. Bxd7+
Qxd7 15. Qxa5 dxc3 16. Qxc3 Ke7 17. O-O Rhg8 18. Kh1 Rg6 19. f4 Rag8 20. Rf2
Rg3 21. Qd2 h5 22. Rc1 h4 23. e5 Rxh3+ 24. gxh3 Qxh3+ 25. Rh2 Qf3+ 26. Rg2 h3
27. Rxc7+ Ke8 28. Rc8+ Kd7 29. Rcxg8 hxg2+ 30. Rxg2 fxe5 31. fxe5 Qh5+ 32. Kg1
Qxe5 33. Qf2 Kc6 34. Rg3 d5 35. Rc3+ Kd6 36. Qh2 Qxh2+ 37. Kxh2 d4 38. Rf3 Ke6
39. Kg2 f5 40. Kf2 Ke5 41. Ra3 Ke4 42. Rxa7 d3 43. Rd7 1-0

[Event "NB II. Erkel csoport"]
[Site "Budapest"]
[Date "2024.02.18"]
[Round "4.9"]
[White "Csetneki, Mark"]
[Black "Makay, Andor Dr"]
[Result "1-0"]
[WhiteElo "1795"]
[BlackElo "1616"]
[PlyCount "67"]
[EventDate "2023.10.08"]
[EventType "team-tourn"]
[EventRounds "9"]
[EventCountry "HUN"]
[Source "chess.hu"]
[WhiteTeam "HASE"]
[BlackTeam "Vizugyi SC"]
[WhiteTeamCountry "HUN"]
[BlackTeamCountry "HUN"]

1. d4 d5 2. c4 e6 3. Nf3 Nc6 4. g3 Nf6 5. Bg2 dxc4 6. O-O Be7 7. Nc3 a6 8. Qa4
Bd7 9. Qxc4 b5 10. Qd3 Nb4 11. Qd1 Nbd5 12. Ne5 O-O 13. e4 Nb6 14. Bg5 h6 15.
Bxf6 Bxf6 16. Nxd7 Qxd7 17. e5 Be7 18. Bxa8 Rxa8 19. Qg4 Rf8 20. Rad1 f5 21.
exf6 Bxf6 22. Ne4 Be7 23. Rfe1 Qc8 24. Nc5 Bxc5 25. dxc5 Nc4 26. b3 Na5 27.
Rxe6 Kh8 28. Rde1 Nb7 29. Qd4 Kh7 30. Re7 Rg8 31. R1e6 Qd8 32. Qe4+ Kh8 33.
Rxh6+ gxh6 34. Qh7# 1-0

[Event "NB II. Erkel csoport"]
[Site "Budapest"]
[Date "2024.02.18"]
[Round "4.10"]
[White "Ramadan, Erik"]
[Black "Zoltan, Andras"]
[Result "0-1"]
[WhiteElo "1531"]
[BlackElo "1690"]
[PlyCount "118"]
[EventDate "2023.10.08"]
[EventType "team-tourn"]
[EventRounds "9"]
[EventCountry "HUN"]
[Source "chess.hu"]
[WhiteTeam "Vizugyi SC"]
[BlackTeam "HASE"]
[WhiteTeamCountry "HUN"]
[BlackTeamCountry "HUN"]

1. e4 e5 2. Bc4 Nf6 3. Nc3 Nxe4 4. Bxf7+ Kxf7 5. Nxe4 d5 6. Qf3+ Kg8 7. Qb3 h6
8. Nf3 Nc6 9. d3 Na5 10. Qa4 dxe4 11. Nxe5 Qd5 12. d4 Be6 13. c3 Bd6 14. Ng6
Rh7 15. Bf4 Nc6 16. Bxd6 Qxd6 17. Qc2 Bd5 18. Nh4 g5 19. Nf5 Qf4 20. Ne3 Bf7
21. g3 Qf3 22. Rf1 Rf8 23. Rd1 Qh5 24. Qxe4 Re8 25. Qf5 Bc4 26. Kd2 Bxf1 27.
Rxf1 Rf7 28. Qd5 Qf3 29. Qxf3 Rxf3 30. Nd5 Ref8 31. Ke2 R3f7 32. f3 Rd8 33. Ne3
Re7 34. Kd2 Rde8 35. Nd5 Re2+ 36. Kd3 Kf7 37. Nxc7 R8e3+ 38. Kc4 Rxb2 39. f4 g4
40. f5 Rxh2 41. Ne6 Rc2 42. Nf4 Rcxc3+ 43. Kd5 Ne7+ 44. Kd6 Nxf5+ 45. Kd7 Re7+
46. Kd8 Rf3 47. Rc1 Rxf4 48. gxf4 Nxd4 49. Rd1 Ne6+ 50. Kc8 Re8+ 51. Kxb7 Re7+
52. Kc6 Nxf4 53. Rf1 Re4 54. a4 Rxa4 55. Kd6 g3 56. Rb1 g2 57. Rb7+ Kf6 58. Rb8
g1=Q 59. Rf8+ Kg7 0-1

[Event "NB II. Erkel csoport"]
[Site "Budapest"]
[Date "2024.02.18"]
[Round "4.11"]
[White "Rabovszky, Gyorgy"]
[Black "Lestyak, Barnabas"]
[Result "1-0"]
[WhiteElo "1567"]
[BlackElo "1426"]
[PlyCount "75"]
[EventDate "2023.10.08"]
[EventType "team-tourn"]
[EventRounds "9"]
[EventCountry "HUN"]
[Source "chess.hu"]
[WhiteTeam "HASE"]
[BlackTeam "Vizugyi SC"]
[WhiteTeamCountry "HUN"]
[BlackTeamCountry "HUN"]

1. e4 e5 2. Nf3 Nc6 3. Bc4 Bc5 4. O-O Nf6 5. d3 O-O 6. Nc3 h6 7. a3 d6 8. b4
Bb6 9. h3 Qe7 10. Na4 Be6 11. Bxe6 Qxe6 12. Nh2 d5 13. exd5 Nxd5 14. c4 Ndxb4
15. axb4 Nxb4 16. Nxb6 axb6 17. Ba3 c5 18. Bxb4 cxb4 19. Qb3 Rad8 20. Rfd1 Qd6
21. Rab1 Rfe8 22. Qxb4 Qxb4 23. Rxb4 Re6 24. Nf1 e4 25. d4 Rc6 26. Ne3 Rcd6 27.
Nd5 f5 28. Ne7+ Kf7 29. Nxf5 Rf6 30. Ne3 Kg6 31. Nd5 Rf7 32. Rxb6+ Kh7 33. Re1
Rdf8 34. Rb2 Rc8 35. Ne3 Rc6 36. Reb1 Rg6 37. Rxb7 Rf3 38. R1b6 1-0

[Event "NB II. Erkel csoport"]
[Site "Budapest"]
[Date "2024.02.18"]
[Round "4.1"]
[White "Huszar, Mark"]
[Black "Miszler, Levente"]
[Result "0-1"]
[WhiteElo "2100"]
[BlackElo "2269"]
[PlyCount "120"]
[EventDate "2023.10.08"]
[EventType "team-tourn"]
[EventRounds "9"]
[EventCountry "HUN"]
[Source "chess.hu"]
[WhiteTeam "Egri Bolyky BastyaSE"]
[BlackTeam "EUTender-Sinus-SDSE"]
[WhiteTeamCountry "HUN"]
[BlackTeamCountry "HUN"]

1. e4 e6 2. d4 d5 3. Nd2 c5 4. exd5 Qxd5 5. Ngf3 cxd4 6. Bc4 Qd6 7. O-O Nf6 8.
Nb3 Nc6 9. Nbxd4 Nxd4 10. Qxd4 Qxd4 11. Nxd4 Bc5 12. Rd1 Bd7 13. Be2 e5 14. Nb3
Bb6 15. Bf3 O-O-O 16. Bg5 h6 17. Bxf6 gxf6 18. Rd6 Be6 19. Rad1 Rxd6 20. Rxd6
f5 21. Rd3 Kb8 22. Rc3 Rd8 23. Kf1 Bxb3 24. Rxb3 Rd2 25. c3 e4 26. Be2 f4 27.
Ke1 e3 28. fxe3 fxe3 29. Rb5 Bc7 30. g3 Bb6 31. a4 Bc7 32. Rf5 Rxb2 33. Rxf7
Ba5 34. Rh7 Rb1+ 35. Bd1 Bxc3+ 36. Ke2 Bd4 37. Bc2 Rb6 38. Rd7 Rb4 39. Rh7 Rc4
40. Kd3 Rc3+ 41. Kxd4 e2 42. Re7 Rxc2 43. Kd3 Ra2 44. Rxe2 Ra3+ 45. Kc4 Rxa4+
46. Kb5 Rg4 47. Re7 a6+ 48. Ka5 Ka7 49. Rh7 h5 50. h3 Rg5+ 51. Ka4 a5 52. h4
Re5 53. Rg7 Ka6 54. Rg6+ b6 55. Rg5 b5+ 56. Kb3 Re3+ 57. Kb2 a4 58. Rxh5 Rxg3
59. Rg5 Rh3 60. h5 Ka5 0-1

[Event "NB II. Erkel csoport"]
[Site "Budapest"]
[Date "2024.02.18"]
[Round "4.2"]
[White "Dudas, Janos"]
[Black "Vas, Vince"]
[Result "1-0"]
[WhiteElo "2333"]
[BlackElo "1938"]
[PlyCount "89"]
[EventDate "2023.10.08"]
[EventType "team-tourn"]
[EventRounds "9"]
[EventCountry "HUN"]
[Source "chess.hu"]
[WhiteTeam "EUTender-Sinus-SDSE"]
[BlackTeam "Egri Bolyky BastyaSE"]
[WhiteTeamCountry "HUN"]
[BlackTeamCountry "HUN"]

1. d4 Nf6 2. c4 g6 3. Nc3 c5 4. d5 d6 5. e4 e6 6. dxe6 fxe6 7. e5 dxe5 8. Qxd8+
Kxd8 9. Bg5 Be7 10. O-O-O+ Nfd7 11. Nf3 Nc6 12. Bh6 Bf6 13. g4 Rg8 14. Ng5
Bxg5+ 15. Bxg5+ Kc7 16. Nb5+ Kb6 17. Rd6 a6 18. Nc3 Re8 19. Bg2 Kc7 20. Rd3 Nd4
21. Rh3 Nf8 22. Re1 e4 23. Nxe4 e5 24. Nf6 Bd7 25. Nxe8+ Rxe8 26. Rhe3 Bxg4 27.
Rxe5 Rxe5 28. Rxe5 Nfe6 29. Be3 b6 30. b3 Kd6 31. Rd5+ Ke7 32. Bxd4 Nxd4 33.
Kd2 Be6 34. Re5 Kf6 35. f4 h6 36. h4 Bf7 37. Be4 Be6 38. Ke3 a5 39. Kd3 Bf7 40.
Bd5 Be6 41. Bxe6 Nxe6 42. Ke4 Nc7 43. h5 gxh5 44. Rxh5 Kg6 45. Rh2 1-0

[Event "NB II. Erkel csoport"]
[Site "Budapest"]
[Date "2024.02.18"]
[Round "4.3"]
[White "Huszar, Lorant"]
[Black "Szieberth, Adam"]
[Result "0-1"]
[WhiteElo "1927"]
[BlackElo "2270"]
[PlyCount "118"]
[EventDate "2023.10.08"]
[EventType "team-tourn"]
[EventRounds "9"]
[EventCountry "HUN"]
[Source "chess.hu"]
[WhiteTeam "Egri Bolyky BastyaSE"]
[BlackTeam "EUTender-Sinus-SDSE"]
[WhiteTeamCountry "HUN"]
[BlackTeamCountry "HUN"]

1. e4 g6 2. d4 Bg7 3. Nf3 d6 4. h3 c5 5. c3 Nf6 6. Bd3 O-O 7. Be3 cxd4 8. cxd4
b5 9. O-O Bb7 10. Nbd2 a6 11. Qb3 Qd7 12. a4 bxa4 13. Rxa4 Bc6 14. Rb4 d5 15.
e5 Ne4 16. Rc1 Nxd2 17. Bxd2 e6 18. Rb6 Bb5 19. Bxb5 axb5 20. Qxb5 Qxb5 21.
Rxb5 Ra6 22. Rc7 Rc6 23. Rbb7 Rxc7 24. Rxc7 h6 25. b4 Rd8 26. b5 Nd7 27. Ba5
Ra8 28. Rxd7 Rxa5 29. b6 Rb5 30. b7 Bf8 31. Ne1 Kg7 32. Nd3 Bb4 33. Nc5 Bc3 34.
Na6 Rb1+ 35. Kh2 Bxd4 36. b8=Q Rxb8 37. Nxb8 Bxe5+ 38. g3 Bxb8 39. Kg2 g5 40.
Kf3 h5 41. Ke3 g4 42. h4 Be5 43. Rd8 Bc7 44. Rc8 Bb6+ 45. Ke2 Bd4 46. Rd8 Kg6
47. Rg8+ Bg7 48. Rd8 d4 49. Kd3 e5 50. Rd7 f5 51. Rd6+ Bf6 52. Rc6 e4+ 53. Kc4
d3 54. Rd6 Kf7 55. Kd5 Bxh4 56. gxh4 g3 57. fxg3 e3 58. Rd7+ Ke8 59. Ke6 e2 0-1

[Event "NB II. Erkel csoport"]
[Site "Budapest"]
[Date "2024.02.18"]
[Round "4.4"]
[White "Lehmann, Zoltan"]
[Black "Kovacs, Daniel"]
[Result "1-0"]
[WhiteElo "2269"]
[BlackElo "1949"]
[PlyCount "35"]
[EventDate "2023.10.08"]
[EventType "team-tourn"]
[EventRounds "9"]
[EventCountry "HUN"]
[Source "chess.hu"]
[WhiteTeam "EUTender-Sinus-SDSE"]
[BlackTeam "Egri Bolyky BastyaSE"]
[WhiteTeamCountry "HUN"]
[BlackTeamCountry "HUN"]

1. d4 d5 2. c4 Nf6 3. cxd5 c6 4. dxc6 Nxc6 5. Nf3 Bf5 6. e3 Bxb1 7. Rxb1 Qa5+
8. Bd2 Qf5 9. b4 e6 10. b5 Nb8 11. Qb3 Nbd7 12. Bd3 Qh5 13. O-O Be7 14. Bb4 Nd5
15. Bxe7 Nxe7 16. Rfc1 Rc8 17. Qa3 Qd5 18. e4 1-0

[Event "NB II. Erkel csoport"]
[Site "Budapest"]
[Date "2024.02.18"]
[Round "4.5"]
[White "Vajda, Albert Sr"]
[Black "Gara-Tarnoczi, Peter"]
[Result "1/2-1/2"]
[WhiteElo "2056"]
[BlackElo "2171"]
[PlyCount "50"]
[EventDate "2023.10.08"]
[EventType "team-tourn"]
[EventRounds "9"]
[EventCountry "HUN"]
[Source "chess.hu"]
[WhiteTeam "Egri Bolyky BastyaSE"]
[BlackTeam "EUTender-Sinus-SDSE"]
[WhiteTeamCountry "HUN"]
[BlackTeamCountry "HUN"]

1. e4 e6 2. d4 d5 3. Nd2 Nf6 4. e5 Nfd7 5. f4 c5 6. c3 Nc6 7. Ndf3 Qb6 8. g3
cxd4 9. cxd4 Bb4+ 10. Kf2 f6 11. Kg2 O-O 12. Bd3 g6 13. Bb1 Be7 14. h4 Rf7 15.
h5 Nf8 16. Ne2 Bd7 17. Rh2 Rg7 18. Kh1 gxh5 19. Rxh5 Be8 20. Rh6 Bg6 21. f5
exf5 22. Nf4 Rd8 23. a3 fxe5 24. dxe5 Qf2 25. Rh2 Qb6 1/2-1/2